000 00804nam a2200217 i 4500
001 157445
003 ES-MaACL
005 20250928113835.0
008 931025s1867 fr a |||| | spa d
100 1 _aLefèvre, André.
_971236
245 1 4 _aLas maravillas de la arquitectura /
_cpor André Lefèvre ; traducida al español por M. Soriano Fuertes.
260 _aParis :
_bLibrería de L.Hachette y Cª,
_c1867 (
_fImp. general de Ch. Lahure)
300 _a465, 8 p. :
_bil. ;
_c19 cm.
490 1 _aBiblioteca de las Maravillas ;
_v3
650 4 _aArquitectura
_99986
700 1 _aSoriano Fuertes, Mariano,
_d1817-1880
_9152764
830 0 _aBiblioteca de las Maravillas ;
_v3
_9182500
852 _aES-MaACL
_jD-1497
_z-- Enc. hol.
999 _c157445
_d157445